000
00247nam a22001217a 4500
008
170203b xxu||||| |||| 00| 0 ALB d
041
_a
alb
080
_a
61
100
_a
3
101
_a
SHM
245
_a
OSTEOLOGJIA
_c
GASHI, A.A
942
_2
udc
_c
BK
999
_c
4546
_d
4546